00384cam a22001337a 4500008004000000082001700040100002500057245004900082260004000131300001000171500001200181650001400193650004300207180718b1958 xxu||||| |||| 00| 0 eng d aA99 G151/N15 aNamboodiripad, E.M.S aMahatama and the ismcby E.M.S Namboodiripad aNew DelhibPeopl's Pub. Housec1958 a130p. aRs.3.75 aCommunism aGandhi Mohandas Karamchand 1869 - 1948